00373nam a22001337a 450000500170000000800410001704100130005808200130007110000130008424500350009726000560013230000250018865000260021320240712065706.0240712b |||||||| |||| 00| 0 eng d aEnglish  a349 PRE  lEnglish  aPrentice Hall Weekly Services  aDurban: bPrentice Hall Services (Pty) Ltd, c1973  b111 pages; c26 cm.  aLegal practice bLaw